[Event "4NCL/Div4/SXM vs. OXF2"]
[Site "West Bromwich ENG"]
[Date "2004.03.28"]
[Round "6.3"]
[White "Bucher, Grant"]
[Black "Burt, Will"]
[Result "1-0"]
[WhiteElo "1592"]
[BlackElo "1928"]
[PlyCount "115"]
[EventDate "2004.03.28"]

1. e4 e5 2. Bc4 Nc6 3. Nc3 Bc5 4. Qg4 Kf8 5. Qg3 d6 6. Nf3 h6 7. d3 Nf6 8. Qh4
Rh7 9. h3 g5 10. Qg3 Nh5 11. Qh2 Nd4 12. Nxd4 Bxd4 13. g4 Nf4 14. Be3 Bb6 15.
Bxb6 axb6 16. Nd5 Ng6 17. Ne3 c6 18. Qg3 b5 19. Bb3 Qf6 20. Ng2 Be6 21. Kd2 Ke7
22. f3 Rhh8 23. h4 c5 24. c4 b4 25. h5 Nf4 26. Ne3 Ra6 27. Rac1 Rha8 28. Rc2
Qh8 29. Qe1 Ra5 30. Qd1 Qf6 31. Rf1 Qg7 32. Rh1 f6 33. Ke1 Qg8 34. Kf2 Qe8 35.
Kg3 Qc6 36. Kf2 Qa6 37. Rd2 Kf8 38. Kg3 Kg8 39. Kf2 Kh7 40. Kg3 Bd7 41. Qc2 Ne6
42. Nf5 Nd4 43. Nxd4 exd4 44. Rf1 Ba4 45. Rdd1 Bxb3 46. axb3 Qc6 47. Kg2 Qc8
48. Rb1 Qe6 49. Qc1 Kg7 50. Kh3 Qe5 51. f4 gxf4 52. Qxf4 Qxf4 53. Rxf4 Kf7 54.
Rbf1 Ra1 55. Rxf6+ Ke7 56. Rf7+ Ke6 57. R1f6+ Ke5 58. Rg6 1-0

[Event "4NCL/Div4/SXM vs. OXF2"]
[Site "West Bromwich ENG"]
[Date "2004.03.28"]
[Round "6.4"]
[White "Duggan, Chris"]
[Black "Fraser, Joe"]
[Result "1-0"]
[WhiteElo "1848"]
[BlackElo "1576"]
[PlyCount "75"]
[EventDate "2004.03.28"]

1. e4 c5 2. Nf3 Nc6 3. c3 d5 4. exd5 Qxd5 5. d4 Bg4 6. Be2 Nf6 7. Be3 cxd4 8.
cxd4 e6 9. Nc3 Qd6 10. O-O Be7 11. Rc1 O-O 12. h3 Bh5 13. Nb5 Qd7 14. g4 Bg6
15. Ne5 Nxe5 16. dxe5 Nd5 17. Rc7 Qd8 18. Rxb7 Nxe3 19. Qxd8 Bxd8 20. fxe3 Bb6
21. Nd4 Rad8 22. Bf3 Rfe8 23. Rd1 f6 24. exf6 gxf6 25. Kf2 f5 26. Nxe6 Bxe3+
27. Kxe3 Rxe6+ 28. Kf4 Rxd1 29. Bxd1 Re4+ 30. Kg5 f4 31. Rxa7 Rd4 32. Bb3+ Kf8
33. Ra4 Rxa4 34. Bxa4 f3 35. Bb5 Bc2 36. Kf4 Bd1 37. Ke3 Ke7 38. Bc6 1-0

[Event "4NCL/Div4/SXM vs. OXF2"]
[Site "West Bromwich ENG"]
[Date "2004.03.28"]
[Round "6.5"]
[White "Eichner, Daniel"]
[Black "Webster, Ian"]
[Result "1/2-1/2"]
[WhiteElo "1544"]
[BlackElo "1856"]
[PlyCount "159"]
[EventDate "2004.03.28"]

1. e4 c5 2. Nf3 e6 3. d4 cxd4 4. Nxd4 a6 5. Nc3 Qc7 6. Be2 Nf6 7. f4 d6 8. O-O
Nc6 9. f5 d5 10. fxe6 Nxd4 11. exf7+ Kxf7 12. Bh5+ Kg8 13. Nxd5 Qxc2 14. Nxf6+
gxf6 15. Be3 Qxd1 16. Raxd1 Nc6 17. Rxf6 Be7 18. Rf3 h6 19. Rdf1 Rh7 20. Rg3+
Kh8 21. Bg6 Rg7 22. Bxh6 Rxg6 23. Rxg6 Kh7 24. Rff6 Bxf6 25. Rxf6 Bg4 26. Rf8
Rxf8 27. Bxf8 Be6 28. a3 Ne5 29. Bb4 b5 30. Bc3 Nd3 31. h3 Kg6 32. Kh2 Nf2 33.
e5 Kf5 34. g4+ Kf4 35. Kg2 Nd3 36. Bd4 Bd5+ 37. Kh2 Ne1 38. Bf2 Nf3+ 39. Kg2
Nxe5+ 40. Kf1 Nd3 41. Bd4 Kg3 42. g5 Bf7 43. Ke2 Bg6 44. Ke3 Kxh3 45. Bf6 Kg4
46. Kd4 Kf3 47. Kd5 Be4+ 48. Kd6 Ke2 49. Kc7 a5 50. Kb6 b4 51. Kxa5 b3 52. Kb6
Kd1 53. a4 Kc2 54. a5 Nxb2 55. Kc7 Na4 56. Ba1 Nb2 57. a6 Kb1 58. Bxb2 Kxb2 59.
a7 Kc3 60. g6 b2 61. g7 b1=Q 62. g8=Q Qb7+ 63. Kd6 Qxa7 64. Qg3+ Bd3 65. Qe1+
Kc2 66. Qe5 Qb8+ 67. Ke6 Bc4+ 68. Kf5 Qc8+ 69. Kf4 Bd3 70. Kg5 Qf8 71. Qc7+ Kd1
72. Qf4 Qg7+ 73. Kh4 Be2 74. Qd6+ Kc2 75. Qc5+ Kb1 76. Qb4+ Kc1 77. Qc5+ Kd1
78. Qd6+ Kc2 79. Qc5+ Kd3 80. Qb5+ 1/2-1/2

[Event "4NCL/Div4/SXM vs. OXF2"]
[Site "West Bromwich ENG"]
[Date "2004.03.28"]
[Round "6.6"]
[White "Ludbrook, Matt"]
[Black "Fryer, Abi"]
[Result "1-0"]
[WhiteElo "1816"]
[BlackElo "1128"]
[PlyCount "57"]
[EventDate "2004.03.28"]

1. e4 e5 2. Nf3 Nc6 3. Bb5 a6 4. Ba4 Nf6 5. O-O Bc5 6. c3 O-O 7. d4 Ba7 8. Re1
d5 9. exd5 Qxd5 10. Nxe5 Re8 11. Bb3 Qd6 12. Bxf7+ Kf8 13. Bxe8 Bf5 14. Bxc6
bxc6 15. Qf3 Re8 16. Qxf5 c5 17. Bg5 cxd4 18. Bxf6 gxf6 19. Nd7+ Qxd7 20. Qxf6+
Kg8 21. Qg5+ Kf8 22. Rxe8+ Qxe8 23. Qd2 d3 24. Na3 Qe4 25. Re1 Qb7 26. Re5 Qb6
27. Qf4+ Kg7 28. Rg5+ Kh6 29. Qh4# 1-0

[Event "4NCL/Div4/MIN2 vs. CHED"]
[Site "West Bromwich ENG"]
[Date "2004.03.28"]
[Round "6.1"]
[White "Stirling, William J"]
[Black "Shaw, Robert"]
[Result "1/2-1/2"]
[WhiteElo "2141"]
[BlackElo "2319"]
[PlyCount "50"]
[EventDate "2004.03.28"]

1. Nf3 Nf6 2. c4 g6 3. Nc3 Bg7 4. e4 d6 5. d4 O-O 6. Be2 Nc6 7. d5 Nb8 8. Bg5
Nbd7 9. Nd2 e5 10. O-O h6 11. Bh4 g5 12. Bg3 Nh7 13. Qc2 f5 14. f3 f4 15. Bf2
Rf7 16. b4 Bf8 17. Rac1 Nhf6 18. Na4 a5 19. a3 axb4 20. axb4 b6 21. c5 bxc5 22.
bxc5 dxc5 23. Nxc5 Nxc5 24. Bxc5 Bxc5+ 25. Qxc5 Qd6 1/2-1/2

[Event "4NCL/Div4/MIN2 vs. CHED"]
[Site "West Bromwich ENG"]
[Date "2004.03.28"]
[Round "6.2"]
[White "Smith, Alan A"]
[Black "Hardman, Michael J"]
[Result "1-0"]
[WhiteElo "2251"]
[BlackElo "2107"]
[PlyCount "75"]
[EventDate "2004.03.28"]

1. e4 c5 2. Nf3 e6 3. Nc3 a6 4. g3 d6 5. Bg2 Nf6 6. O-O Be7 7. e5 dxe5 8. Nxe5
O-O 9. Re1 Nbd7 10. Nc4 Rb8 11. a4 b6 12. d3 Bb7 13. Bf4 Bxg2 14. Bxb8 Bc6 15.
Bd6 Bxd6 16. Nxd6 Qa8 17. Nde4 Nd5 18. Nxd5 exd5 19. Nd2 d4 20. Qe2 f5 21. f3
Nf6 22. c4 Kh8 23. Qf2 g5 24. Re5 Qc8 25. a5 Nd7 26. Re2 g4 27. f4 Ba8 28. axb6
Qb7 29. Kf1 Qxb6 30. Re7 Nf6 31. b3 h5 32. Rae1 Qb4 33. R1e6 Qc3 34. Qe2 Ne4
35. dxe4 d3 36. Qe3 Qc1+ 37. Qe1 Qc3 38. exf5 1-0

[Event "4NCL/Div4/MIN2 vs. CHED"]
[Site "West Bromwich ENG"]
[Date "2004.03.28"]
[Round "6.3"]
[White "Parker, Robert"]
[Black "Buxton, David E"]
[Result "1/2-1/2"]
[WhiteElo "2105"]
[BlackElo "2024"]
[PlyCount "42"]
[EventDate "2004.03.28"]

1. d4 d5 2. c4 e6 3. Nc3 Nf6 4. Bg5 c6 5. cxd5 exd5 6. e3 Be7 7. Bd3 Ne4 8.
Bxe7 Qxe7 9. Qc2 Nf6 10. Nf3 Nbd7 11. O-O O-O 12. Rfc1 Re8 13. Rab1 Ne4 14. b4
a6 15. a4 Ndf6 16. Ne5 Nxc3 17. Qxc3 Ne4 18. Qc2 f6 19. Nf3 Bg4 20. Bxe4 Qxe4
21. Qxe4 Rxe4 1/2-1/2

[Event "4NCL/Div4/MIN2 vs. CHED"]
[Site "West Bromwich ENG"]
[Date "2004.03.28"]
[Round "6.4"]
[White "Richardson, Alex"]
[Black "Horton, Justin"]
[Result "1/2-1/2"]
[WhiteElo "2091"]
[BlackElo "2032"]
[PlyCount "43"]
[EventDate "2004.03.28"]

1. d4 d5 2. Nf3 Nf6 3. e3 e6 4. Bd3 Bd6 5. O-O c5 6. b3 Nc6 7. Bb2 Qc7 8. Na3
a6 9. c4 cxd4 10. exd4 O-O 11. c5 Bf4 12. g3 Bh6 13. Nc2 a5 14. Na3 Nb4 15. Nb5
Qb8 16. Ne5 g6 17. a4 Bg7 18. f4 Nd7 19. Rc1 Nxe5 20. dxe5 Bd7 21. Bb1 b6 22.
Bd4 1/2-1/2

[Event "4NCL/Div4/MIN2 vs. CHED"]
[Site "West Bromwich ENG"]
[Date "2004.03.28"]
[Round "6.5"]
[White "Hawkins, J Nick"]
[Black "Edwards, Simon R"]
[Result "1/2-1/2"]
[WhiteElo "2052"]
[BlackElo "2042"]
[PlyCount "43"]
[EventDate "2004.03.28"]

1. e4 e5 2. Nf3 f5 3. d4 fxe4 4. Nxe5 Nf6 5. Be2 g6 6. O-O d6 7. Nc4 Be6 8. Nc3
d5 9. Ne5 Nbd7 10. Bg5 Be7 11. Bh6 c6 12. f3 Nxe5 13. dxe5 exf3 14. exf6 fxe2
15. Qxe2 Bc5+ 16. Kh1 Kf7 17. Rae1 Re8 18. Qd2 Qd7 19. Ne2 Bf5 20. Ng3 Rxe1 21.
Rxe1 Re8 22. Rxe8 1/2-1/2

[Event "4NCL/Div4/MIN2 vs. CHED"]
[Site "West Bromwich ENG"]
[Date "2004.03.28"]
[Round "6.6"]
[White "Yee, John Y"]
[Black "De Mooi, Connagh-Joseph"]
[Result "1-0"]
[WhiteElo "1768"]
[BlackElo "1720"]
[PlyCount "49"]
[EventDate "2004.03.28"]

1. e4 c6 2. d4 d5 3. e5 c5 4. dxc5 Nc6 5. Bb5 e6 6. Be3 Bd7 7. Bxc6 Bxc6 8. Nf3
Ne7 9. O-O Nf5 10. Bd4 Nxd4 11. Qxd4 Qc7 12. b4 b6 13. cxb6 axb6 14. Nbd2 Be7
15. a3 O-O 16. Rfe1 Rfe8 17. Re3 Ba4 18. c3 g6 19. Qf4 Bb5 20. Ng5 Bxg5 21.
Qxg5 d4 22. Rh3 h5 23. Ne4 dxc3 24. Rxh5 Qc4 25. Rh8+ 1-0

[Event "4NCL/Div4/GREN vs. BCA"]
[Site "West Bromwich ENG"]
[Date "2004.03.28"]
[Round "6.1"]
[White "Pugh, Derek C"]
[Black "Ross, Chris"]
[Result "1/2-1/2"]
[WhiteElo "2080"]
[BlackElo "2133"]
[PlyCount "82"]
[EventDate "2004.03.28"]

1. e4 c5 2. Nc3 Nc6 3. g3 g6 4. Bg2 Bg7 5. d3 e6 6. Be3 b6 7. Qd2 Bb7 8. Nge2
Nd4 9. Bxd4 cxd4 10. Nb5 d6 11. Qb4 Ke7 12. Nbxd4 h5 13. h3 Nf6 14. f4 a5 15.
Qa3 Rc8 16. c4 Nd7 17. O-O Nc5 18. Rae1 Kf8 19. Nb5 e5 20. d4 exd4 21. Nexd4
Kg8 22. Qc3 Kh7 23. Qc2 Re8 24. Nf3 Kg8 25. Nd2 Qd7 26. b3 Bc6 27. Nc3 Ne6 28.
Qd3 Nc5 29. Qc2 Ne6 30. Nf3 Nd4 31. Nxd4 Bxd4+ 32. Kh2 Qb7 33. Nd5 Bxd5 34.
exd5 Qd7 35. Re4 Rxe4 36. Qxe4 Bf6 37. Qf3 Qe7 38. f5 Kg7 39. fxg6 fxg6 40. h4
Be5 41. Kh1 Rf8 1/2-1/2

[Event "4NCL/Div4/GREN vs. BCA"]
[Site "West Bromwich ENG"]
[Date "2004.03.28"]
[Round "6.2"]
[White "Armstrong, William G"]
[Black "Hardy, Roger"]
[Result "0-1"]
[WhiteElo "1720"]
[BlackElo "2022"]
[PlyCount "74"]
[EventDate "2004.03.28"]

1. d4 Nf6 2. Nf3 g6 3. Bf4 Bg7 4. Nc3 c5 5. e3 cxd4 6. exd4 d6 7. Bd3 O-O 8.
Qd2 Qa5 9. Bh6 Nc6 10. Bxg7 Kxg7 11. a3 Bg4 12. Be2 Rac8 13. O-O a6 14. b4 Qc7
15. Nd1 e5 16. d5 Ne7 17. c4 Bxf3 18. gxf3 Nh5 19. Ne3 Nf4 20. Rac1 Qd7 21. Ng2
Nxe2+ 22. Qxe2 Nf5 23. f4 Nd4 24. Qd1 f6 25. fxe5 fxe5 26. f4 Qh3 27. a4 g5 28.
Kh1 g4 29. Qd2 Nf3 30. Rxf3 gxf3 31. Ne3 Rxf4 32. Rg1+ Kh8 33. Qf2 Rg8 34.
Rxg8+ Kxg8 35. Qg1+ Kh8 36. Qg5 Rf8 37. Qe7 Qh6 0-1

[Event "4NCL/Div4/GREN vs. BCA"]
[Site "West Bromwich ENG"]
[Date "2004.03.28"]
[Round "6.3"]
[White "Osborne, David"]
[Black "Gallagher, John"]
[Result "1-0"]
[WhiteElo "1864"]
[BlackElo "1600"]
[PlyCount "57"]
[EventDate "2004.03.28"]

1. e4 c5 2. Nc3 Nc6 3. g3 g6 4. Bg2 Bg7 5. d3 e6 6. Be3 b6 7. Qd2 Bb7 8. Nge2
Nd4 9. Bxd4 cxd4 10. Nb5 d6 11. Qb4 Ke7 12. Nbxd4 Rc8 13. c4 Qc7 14. Qd2 h5 15.
f4 Nh6 16. h3 f5 17. Nb5 Qb8 18. Rd1 a6 19. Nbc3 Nf7 20. b3 Qc7 21. d4 Rhd8 22.
O-O Kf8 23. exf5 Bxg2 24. Kxg2 gxf5 25. d5 e5 26. fxe5 Nxe5 27. Nd4 Re8 28.
Rxf5+ Kg8 29. Ne6 1-0

[Event "4NCL/Div4/GREN vs. BCA"]
[Site "West Bromwich ENG"]
[Date "2004.03.28"]
[Round "6.4"]
[White "Wragg, Norman A"]
[Black "Eggington, David C"]
[Result "0-1"]
[WhiteElo "1552"]
[BlackElo "1912"]
[PlyCount "64"]
[EventDate "2004.03.28"]

1. e4 c6 2. d4 d5 3. exd5 cxd5 4. Bd3 g6 5. c3 Bf5 6. Nf3 Nc6 7. Na3 Nf6 8. Bf4
Bg7 9. O-O O-O 10. Re1 Rc8 11. Nc2 a6 12. Ng5 Qd7 13. Ne3 Bxd3 14. Qxd3 Nh5 15.
Bg3 Nxg3 16. hxg3 b5 17. f4 Na5 18. b3 Rc7 19. Nf3 Rfc8 20. Nd1 Nb7 21. Ne5 Qf5
22. Qxf5 gxf5 23. a3 Nd6 24. Kh2 e6 25. g4 fxg4 26. Nxg4 Ne4 27. Ne5 Nxc3 28.
Ne3 Ne4 29. f5 Rc3 30. fxe6 fxe6 31. Rab1 Nd2 32. Rb2 Rxe3 0-1

[Event "4NCL/Div4/GREN vs. BCA"]
[Site "West Bromwich ENG"]
[Date "2004.03.28"]
[Round "6.5"]
[White "Butterworth, Paul"]
[Black "Thacker, Steve M"]
[Result "1-0"]
[WhiteElo "1608"]
[BlackElo "1432"]
[PlyCount "67"]
[EventDate "2004.03.28"]

1. d4 Nf6 2. c4 g6 3. Nc3 d5 4. cxd5 Nxd5 5. e4 Nxc3 6. bxc3 Bg7 7. Bc4 c5 8.
Be3 Nc6 9. Ne2 O-O 10. O-O a6 11. a4 Qa5 12. Qc2 Rd8 13. Rfd1 e6 14. Rab1 Na7
15. Qb3 Bd7 16. Qxb7 Bxa4 17. Ra1 Rdb8 18. Qe7 cxd4 19. Nxd4 Nc8 20. Qa3 Bxd4
21. Bxd4 e5 22. Be3 Nb6 23. Bxb6 Rxb6 24. Qxa4 Qxc3 25. Rac1 Qb2 26. Bxf7+ Kxf7
27. Qd7+ Kf6 28. Rc7 Kg5 29. f4+ Kxf4 30. Qf7+ Kg5 31. Qe7+ Kf4 32. Qh4+ Ke3
33. Qg3+ Kxe4 34. Qf3# 1-0

[Event "4NCL/Div4/GREN vs. BCA"]
[Site "West Bromwich ENG"]
[Date "2004.03.28"]
[Round "6.6"]
[White "Williams, Robin"]
[Black "Flexman, Patrick"]
[Result "0-1"]
[WhiteElo "1160"]
[BlackElo "1576"]
[PlyCount "76"]
[EventDate "2004.03.28"]

1. d4 d5 2. c4 dxc4 3. Nc3 Nf6 4. e4 e6 5. Bxc4 a6 6. a4 Nc6 7. Nf3 Be7 8. O-O
O-O 9. Bg5 b6 10. e5 Nd5 11. Bxe7 Ncxe7 12. Nxd5 exd5 13. Bd3 Ng6 14. Bxg6 fxg6
15. h3 Be6 16. Qd3 Rf4 17. Rfc1 a5 18. Rc3 Rc8 19. Rac1 Qe7 20. Qc2 Rf7 21. Qd2
c5 22. Ng5 Rf5 23. Nxe6 Qxe6 24. b3 Rcf8 25. dxc5 Rxf2 26. Qxf2 Rxf2 27. Kxf2
bxc5 28. Rxc5 Qxe5 29. Rc8+ Kf7 30. R1c7+ Kf6 31. Rc6+ Kg5 32. Kg1 Qe3+ 33. Kh2
Qxb3 34. Rd6 Kf5 35. Rcd8 Ke5 36. Kg1 g5 37. Rxd5+ Qxd5 38. Rxd5+ Kxd5 0-1

[Event "4NCL/Div4/HKF3 vs. PONTY"]
[Site "West Bromwich ENG"]
[Date "2004.03.28"]
[Round "6.1"]
[White "Hogarth, Mark J"]
[Black "James, Dai"]
[Result "1/2-1/2"]
[WhiteElo "1744"]
[BlackElo "2024"]
[PlyCount "20"]
[EventDate "2004.03.28"]

1. e4 e6 2. d4 d5 3. exd5 exd5 4. Bd3 Nf6 5. Nf3 Bd6 6. O-O O-O 7. Bg5 Bg4 8.
Nbd2 c6 9. c3 Nbd7 10. Qc2 Qc7 1/2-1/2

[Event "4NCL/Div4/HKF3 vs. PONTY"]
[Site "West Bromwich ENG"]
[Date "2004.03.28"]
[Round "6.2"]
[White "Jones, Derek C"]
[Black "Greatorex, Roger"]
[Result "0-1"]
[WhiteElo "1944"]
[BlackElo "1696"]
[PlyCount "70"]
[EventDate "2004.03.28"]

1. d4 g6 2. c4 Bg7 3. Nc3 c5 4. Nf3 cxd4 5. Nxd4 Nf6 6. e4 O-O 7. Be2 Nc6 8.
Nc2 d6 9. O-O Be6 10. Kh1 Rc8 11. Bd2 Ne5 12. b3 h5 13. f4 Neg4 14. h3 Nh6 15.
Rc1 Qd7 16. Rf3 b5 17. cxb5 d5 18. f5 gxf5 19. exd5 Nxd5 20. Nxd5 Bxd5 21. Rg3
h4 22. Rg5 Qb7 23. Ne3 Be4 24. Bc3 f6 25. Rh5 f4 26. Bc4+ Rxc4 27. bxc4 fxe3
28. Rxh4 Bxg2+ 29. Kg1 Bf3 30. Qe1 Qc7 31. Rd4 f5 32. Rh4 Bxc3 33. Rxc3 Rf6 34.
Rxe3 Rg6+ 35. Kf1 Qh2 0-1

[Event "4NCL/Div4/HKF3 vs. PONTY"]
[Site "West Bromwich ENG"]
[Date "2004.03.28"]
[Round "6.3"]
[White "Lazarevic, Ljubica"]
[Black "Davies, Peter L"]
[Result "0-1"]
[WhiteElo "1664"]
[BlackElo "2018"]
[PlyCount "86"]
[EventDate "2004.03.28"]

1. e4 c5 2. Nc3 e6 3. g3 d5 4. d3 dxe4 5. dxe4 Qxd1+ 6. Kxd1 a6 7. Bf4 Bd7 8.
Nge2 Bc6 9. Ke1 Nd7 10. Rg1 Ngf6 11. f3 Be7 12. Bg2 Rc8 13. Kf2 O-O 14. h3 b5
15. Be3 Nb6 16. b3 Nfd7 17. Nf4 Bf6 18. Nce2 Bxa1 19. Rxa1 c4 20. Rd1 cxb3 21.
cxb3 Bb7 22. Rd6 Rc6 23. Rd2 g6 24. Nd3 Rfc8 25. Nd4 Rc3 26. Bf4 Rxd3 27. Rxd3
e5 28. Be3 exd4 29. Rxd4 Rc2+ 30. Rd2 Rxd2+ 31. Bxd2 Nc5 32. Ke2 Nbd7 33. Bc3
Nb8 34. Ke3 Nc6 35. Bf1 Kf8 36. g4 Ke8 37. f4 Ne7 38. Bg2 f5 39. Bb4 Bxe4 40.
Bxe4 Nxe4 41. Ba5 Kd7 42. Be1 Ke6 43. Kd3 Nd5 0-1

[Event "4NCL/Div4/HKF3 vs. PONTY"]
[Site "West Bromwich ENG"]
[Date "2004.03.28"]
[Round "6.4"]
[White "Thomas, Roy"]
[Black "Parmar, Amisha"]
[Result "0-1"]
[WhiteElo "1734"]
[BlackElo "1384"]
[PlyCount "70"]
[EventDate "2004.03.28"]

1. f4 d5 2. e3 c5 3. Nf3 Nc6 4. Be2 g6 5. O-O Bg7 6. d4 b6 7. Ne5 Bb7 8. Nc3
Nf6 9. b3 O-O 10. Bb5 Rc8 11. Bb2 a6 12. Nxc6 Qc7 13. Ne5 cxd4 14. exd4 axb5
15. Rc1 b4 16. Nb5 Qd8 17. Rf3 Ba6 18. Na7 Rc7 19. Nac6 Qd6 20. c3 Rxc6 21.
Nxc6 Qxc6 22. cxb4 Qe6 23. Rc2 Rc8 24. Rxc8+ Bxc8 25. a4 Qd6 26. Qc1 Bg4 27.
Rc3 Ne4 28. Rd3 Qxb4 29. Ba3 Qa5 30. Bxe7 Qa6 31. Qc7 Qc8 32. Bd8 Qxc7 33. Bxc7
Be2 34. Re3 Bxd4 35. Bxb6 Bxb6 0-1

[Event "4NCL/Div4/HKF3 vs. PONTY"]
[Site "West Bromwich ENG"]
[Date "2004.03.28"]
[Round "6.5"]
[White "Rhodes, Peter"]
[Black "Pardoe, Julian"]
[Result "0-1"]
[WhiteElo "1064"]
[BlackElo "1592"]
[PlyCount "82"]
[EventDate "2004.03.28"]

1. Nf3 Nc6 2. g3 g6 3. Bg2 Bg7 4. O-O Nf6 5. d3 d5 6. Nbd2 O-O 7. c4 dxc4 8.
Nxc4 Nd7 9. d4 e6 10. Rb1 Nb6 11. Bg5 f6 12. Nxb6 axb6 13. Bf4 Rxa2 14. Qb3 Ra5
15. Rfd1 g5 16. Bd2 Ra8 17. Bc3 Kh8 18. e4 h6 19. Rd2 Bd7 20. d5 exd5 21. Qxd5
Bg4 22. Qb3 Qe7 23. Nd4 Nxd4 24. Rxd4 Rfd8 25. Re1 Rxd4 26. Bxd4 Rd8 27. Bc3
Qe6 28. Qxe6 Bxe6 29. e5 fxe5 30. Bxb7 Bh3 31. Be4 Bg4 32. f3 Bh5 33. Kf2 Kg8
34. g4 Bf7 35. Re2 Bc4 36. Rd2 Rxd2+ 37. Bxd2 Kf7 38. Bf5 e4 39. fxe4 Bxb2 40.
Ke3 c5 41. Bd7 Be5 0-1

[Event "4NCL/Div4/HKF3 vs. PONTY"]
[Site "West Bromwich ENG"]
[Date "2004.03.28"]
[Round "6.6"]
[White "Davies, James"]
[Black "Parmar, Jyoti"]
[Result "0-1"]
[WhiteElo "1160"]
[BlackElo "928"]
[PlyCount "118"]
[EventDate "2004.03.28"]

1. d4 d5 2. e3 Nf6 3. Nf3 e6 4. Be2 Be7 5. O-O O-O 6. a3 Bd7 7. b4 b6 8. Nbd2
c5 9. bxc5 bxc5 10. c4 Bc6 11. Qc2 Qb6 12. Ne5 Bb7 13. dxc5 Bxc5 14. Nb3 Nbd7
15. Nxd7 Nxd7 16. Nxc5 Qxc5 17. Bd3 Nf6 18. Bb2 d4 19. Bxd4 Qc6 20. f3 e5 21.
Bxe5 g6 22. Qc3 Nh5 23. g4 f6 24. gxh5 fxe5 25. Be4 Qc7 26. Bxb7 Qxb7 27. Qxe5
Rxf3 28. Qe6+ Kg7 29. Rxf3 Qxf3 30. hxg6 hxg6 31. Rf1 Qh5 32. Rf7+ Kh6 33. Qe4
Qg5+ 34. Kh1 Rb8 35. Rf1 Rb3 36. Qf4 Rxe3 37. Qxg5+ Kxg5 38. Rg1+ Kf6 39. Ra1
Rc3 40. Rf1+ Kg7 41. Re1 a6 42. Re4 Rxa3 43. Re7+ Kf6 44. Re1 Rc3 45. Re4 Kf5
46. Rd4 Ke5 47. Rg4 Kf5 48. Rh4 a5 49. Rd4 a4 50. Rd5+ Ke4 51. Rg5 a3 52. Rxg6
a2 53. Rg1 Rxc4 54. Ra1 Rc2 55. Kg1 Kd3 56. h4 Kd2 57. Kf1 Kc3 58. Ke1 Kb2 59.
Rd1 Rc4 0-1

[Event "4NCL/Div4/AD3 vs. NLIB2"]
[Site "West Bromwich ENG"]
[Date "2004.03.28"]
[Round "6.1"]
[White "Rea, Bill"]
[Black "Thomas, Joseff"]
[Result "0-1"]
[WhiteElo "1696"]
[BlackElo "2099"]
[PlyCount "104"]
[EventDate "2004.03.28"]

1. e4 d6 2. d4 g6 3. g3 Bg7 4. Bg2 Nf6 5. Ne2 O-O 6. O-O e5 7. dxe5 dxe5 8.
Qxd8 Rxd8 9. Bg5 h6 10. Bxf6 Bxf6 11. Nbc3 c6 12. Rad1 Be6 13. b3 Na6 14. a3
Be7 15. Nb1 Nc7 16. h3 Nb5 17. a4 Nc7 18. f4 Bc5+ 19. Kh2 exf4 20. gxf4 Be3 21.
Kg3 f5 22. Kf3 Bb6 23. e5 Bd5+ 24. Kg3 Bxg2 25. Kxg2 Nd5 26. Rd3 Ne3+ 27. Rxe3
Bxe3 28. Rf3 Bb6 29. Rg3 Kf7 30. Rc3 Rd1 31. Na3 Rd2 32. Kf3 Ba5 33. Rc4 Rad8
34. b4 Bb6 35. a5 Bc7 36. b5 Bxa5 37. bxc6 bxc6 38. Rxc6 Bb4 39. Nb5 a5 40. Ke3
R2d5 41. Ned4 Bd2+ 42. Kxd2 Rxb5 43. Rc7+ Kg8 44. Kc3 Rbd5 45. Nc6 R8d7 46.
Rxd7 Rxd7 47. Nd4 a4 48. e6 Rb7 49. h4 a3 50. Nb3 Kf8 51. Na1 a2 52. Nb3 Rxb3+
0-1

[Event "4NCL/Div4/AD3 vs. NLIB2"]
[Site "West Bromwich ENG"]
[Date "2004.03.28"]
[Round "6.2"]
[White "Ralphs, Nigel"]
[Black "Lewis, Robin"]
[Result "1-0"]
[WhiteElo "2001"]
[BlackElo "1664"]
[PlyCount "75"]
[EventDate "2004.03.28"]

1. e4 e6 2. d4 d5 3. Nd2 dxe4 4. Nxe4 Nf6 5. Bg5 Be7 6. Bxf6 Bxf6 7. Nf3 b6 8.
Bb5+ Bd7 9. Bxd7+ Nxd7 10. Nxf6+ Nxf6 11. O-O O-O 12. Qe2 c5 13. Rfd1 Qc7 14.
dxc5 Qxc5 15. Ne5 Rfd8 16. c4 Qc7 17. b3 Rxd1+ 18. Rxd1 Rd8 19. Rxd8+ Qxd8 20.
Qd3 Qc7 21. Qd4 Kf8 22. f4 Ke7 23. Kf2 g6 24. b4 Nd7 25. Ke3 f6 26. Nxd7 Qxd7
27. Qxd7+ Kxd7 28. Kd4 h6 29. h4 h5 30. c5 Kc6 31. cxb6 axb6 32. a4 Kd6 33. a5
Kc6 34. a6 b5 35. a7 Kb7 36. a8=Q+ Kxa8 37. Kc5 Kb7 38. Kd6 1-0

[Event "4NCL/Div4/AD3 vs. NLIB2"]
[Site "West Bromwich ENG"]
[Date "2004.03.28"]
[Round "6.3"]
[White "Pohribnyj, Chris"]
[Black "Sinnett, Glyn"]
[Result "1/2-1/2"]
[WhiteElo "1592"]
[BlackElo "1939"]
[PlyCount "57"]
[EventDate "2004.03.28"]

1. d4 e6 2. c4 Nf6 3. Nc3 Bb4 4. Nf3 c5 5. e3 O-O 6. Bd3 Nc6 7. O-O d5 8. a3
Bxc3 9. bxc3 b6 10. Qe2 Bb7 11. Rd1 Qc7 12. Bd2 Rad8 13. Rac1 Na5 14. cxd5 c4
15. Bc2 exd5 16. Rb1 Rfe8 17. Ne5 Qe7 18. Bc1 Ne4 19. Bb2 Qh4 20. f3 Nd6 21.
Bc1 Re6 22. Qe1 Qxe1+ 23. Rxe1 f6 24. Ng4 Rde8 25. h3 g6 26. Kf2 Kg7 27. Bd2
Bc6 28. Nh2 Bd7 29. Nf1 1/2-1/2

[Event "4NCL/Div4/AD3 vs. NLIB2"]
[Site "West Bromwich ENG"]
[Date "2004.03.28"]
[Round "6.4"]
[White "Thomas, Kevin"]
[Black "Graham, Louis"]
[Result "1-0"]
[WhiteElo "1848"]
[BlackElo "1560"]
[PlyCount "75"]
[EventDate "2004.03.28"]

1. e4 e5 2. Bc4 Nc6 3. Nf3 Nf6 4. Ng5 d5 5. exd5 Na5 6. d3 h6 7. Nf3 Nxc4 8.
dxc4 e4 9. Qe2 Bc5 10. O-O O-O 11. Nfd2 Bg4 12. Qe1 Re8 13. Nb3 Qe7 14. Be3
Bxe3 15. fxe3 b6 16. Nd4 Qc5 17. b3 a6 18. Rxf6 gxf6 19. Qg3 h5 20. h3 Qd6 21.
Qxd6 cxd6 22. hxg4 hxg4 23. Nd2 Re5 24. Rf1 Kg7 25. Nf5+ Kg6 26. Nxd6 f5 27.
Rf4 Rd8 28. N6xe4 fxe4 29. Rxg4+ Kf5 30. Rf4+ Kg6 31. Kf2 f5 32. Ke2 Re7 33. g4
Rf8 34. Nxe4 Rxe4 35. gxf5+ Rxf5 36. Rxe4 Rf6 37. Kd3 Kf7 38. Rf4 1-0

[Event "4NCL/Div4/AD3 vs. NLIB2"]
[Site "West Bromwich ENG"]
[Date "2004.03.28"]
[Round "6.5"]
[White "Savin, Mike J"]
[Black "Harley-Yeo, Gareth"]
[Result "0-1"]
[WhiteElo "1424"]
[BlackElo "1749"]
[PlyCount "134"]
[EventDate "2004.03.28"]

1. d4 Nf6 2. Nf3 e6 3. Bg5 Be7 4. e3 b6 5. Bd3 Bb7 6. Nbd2 d6 7. O-O Nbd7 8.
Qe2 h6 9. Bh4 O-O 10. c3 c5 11. b4 Nd5 12. Bxe7 Qxe7 13. Rfc1 cxb4 14. cxb4
Nxb4 15. Bb5 Rfc8 16. Qd1 Nf6 17. a3 Nbd5 18. Rxc8+ Rxc8 19. Bd3 Nc3 20. Qb3
Nce4 21. Qa4 Nxd2 22. Nxd2 Ba8 23. Qa6 Qb7 24. Qxb7 Bxb7 25. a4 Rc3 26. Bf1 Rc2
27. Nc4 Ne8 28. Na3 Rc8 29. Nb5 a6 30. Na3 d5 31. Be2 Nd6 32. f3 Rc3 33. Kf2
Nf5 34. Ra2 g5 35. Nb1 Rc6 36. Rb2 Nd6 37. Bd3 Nc4 38. Rc2 b5 39. axb5 axb5 40.
Ke2 Ra6 41. Bxc4 dxc4 42. e4 f5 43. Ke3 f4+ 44. Ke2 Kf7 45. Nd2 Ra3 46. Rb2 Bc6
47. Rc2 Ke7 48. Nb1 Ra5 49. Nc3 Kd6 50. Ra2 Rxa2+ 51. Nxa2 e5 52. d5 Bd7 53.
Nb4 Kc5 54. Na6+ Kd6 55. Nb4 g4 56. g3 h5 57. gxf4 exf4 58. Nc2 Ke5 59. Nb4
gxf3+ 60. Kxf3 Bg4+ 61. Kf2 Kxe4 62. d6 Ke5 63. Nc2 Kxd6 64. Nd4 b4 65. Ke1 Kc5
66. Nc2 b3 67. Na3 Kb4 0-1

[Event "4NCL/Div4/AD3 vs. NLIB2"]
[Site "West Bromwich ENG"]
[Date "2004.03.28"]
[Round "6.6"]
[White "Thomas, Jac"]
[Black "Somerfield, Adrian"]
[Result "1-0"]
[WhiteElo "1550"]
[BlackElo "1480"]
[PlyCount "38"]
[EventDate "2004.03.28"]

1. e4 c6 2. d4 d5 3. Nc3 dxe4 4. f3 exf3 5. Nxf3 Bf5 6. Bc4 e6 7. O-O Nf6 8.
Ne5 Be7 9. Rxf5 exf5 10. Nxf7 Qc7 11. Nxh8 Nbd7 12. Nf7 Nb6 13. Bb3 Nbd5 14.
Nxd5 cxd5 15. Ne5 Rd8 16. Bf4 Qb6 17. c3 g6 18. Bh6 Rd6 19. Ba4+ Kd8 1-0